Policy formulation and administration : (Record no. 6623)
[ view plain ]
| 000 -LEADER | |
|---|---|
| fixed length control field | 00967cam a2200289 i 4500 |
| 001 - CONTROL NUMBER | |
| JCCL Control Number | 6623 |
| 003 - CONTROL NUMBER IDENTIFIER | |
| JCCL marc code | BD-JhCC |
| 005 - DATE AND TIME OF LATEST TRANSACTION | |
| control field | 20180127134643.0 |
| 008 - FIXED-LENGTH DATA ELEMENTS--GENERAL INFORMATION | |
| fixed length control field | 801230s1980 ilua b 001 0 eng |
| 020 ## - INTERNATIONAL STANDARD BOOK NUMBER | |
| International Standard Book Number | 025602345X |
| 035 ## - SYSTEM CONTROL NUMBER | |
| system control number | (BD-JhCC) |
| 040 ## - CATALOGING SOURCE | |
| Original cataloging agency | DLC |
| Transcribing agency | DLC |
| Modifying agency | DLC |
| 041 ## - LANGUAGE CODE | |
| Language code of Book | eng |
| 050 00 - LIBRARY OF CONGRESS CALL NUMBER | |
| Classification number | HD31 |
| Item number | .S58 1980 |
| 082 00 - DEWEY DECIMAL CLASSIFICATION NUMBER | |
| Classification number | 658.4/012 |
| DDC Edition number | 19 |
| Author mark and Year | CHR 1980 |
| 100 1# - MAIN ENTRY--PERSONAL NAME | |
| Personal name | Christensen, C. Roland |
| Fuller form of name | (Carl Roland), |
| Dates associated with a name | 1919-1999. |
| 245 10 - TITLE STATEMENT | |
| Title | Policy formulation and administration : |
| Remainder of title | a casebook of senior management problems in business / |
| Statement of responsibility, etc | C. Roland Christensen, Norman A. Berg, Malcolm S. Salter. |
| 250 ## - EDITION STATEMENT | |
| Edition statement | 8th ed. |
| 260 ## - PUBLICATION, DISTRIBUTION, ETC. (IMPRINT) | |
| Place of publication, distribution, etc | Homewood, Ill. : |
| Name of publisher, distributor, etc | R. D. Irwin, |
| Date of publication, distribution, etc | 1980. |
| 300 ## - PHYSICAL DESCRIPTION | |
| Pagination | xix, 836 p. : |
| Other physical details | ill. ; |
| Dimensions | 24 cm. |
| 504 ## - BIBLIOGRAPHY, ETC. NOTE | |
| Bibliography, etc | Includes bibliographical references and index. |
| 650 #0 - SUBJECT ADDED ENTRY--TOPICAL TERM | |
| Topical term or geographic name as entry element | Industrial management |
| General subdivision | Case studies. |
| 700 1# - ADDED ENTRY--PERSONAL NAME | |
| Personal name | Berg, Norman A., |
| 700 1# - ADDED ENTRY--PERSONAL NAME | |
| Personal name | Salter, Malcolm S., |
| 942 ## - ADDED ENTRY ELEMENTS (KOHA) | |
| Source of classification or shelving scheme | Dewey Decimal Classification |
| Koha item type | Books |
| Source of classification or shelving scheme | Damaged status | Not for loan | Home library | Current library | Shelving location | Total Checkouts | Full call number | Barcode | Date last seen | Copy number | Koha item type |
|---|---|---|---|---|---|---|---|---|---|---|---|
| Dewey Decimal Classification | JCC Rouf Library | JCC Rouf Library | General Stacks | 658.4/012 CHR 1980 | 9075 | 01/27/2018 | C - 1 | Books |